00480 a2200157 4500010001400000020001100014035001300025037001800038082001200056100002300068245004300091260003200134270011600166300002300282650001700305 aENG-85270 c500.00 aEN-68803 bD.B.Act / Pub14a551.4561 aBagchi, Kanangopal1 aThe Ganges deltacby Kanangopal Bagchi aKolkatabAnita Bagchic2005 aFlat-4R/1, Beleghata Sarobar Housing society, 25C, RMD Garden Lane,bKolkatacWest Bengale700010k033-23630610 a157 pc22 cm. (Hb) aGanges Delta